What research on early childhood education/care outcomes can, and can't tell policymakers /

Introduction. Research on early childhood education/care-some necessary background. Outcomes of early childhood education/care. Funding and regulation factors bearing on the provision of early educare...

Enregistré dans:
Détails bibliographiques
Auteur principal: Wylie, Cathy, 1951-
Format: Livre
Langue:English
Publié: Wellington, N.Z. : New Zealand Council for Educational Research, 1994.
Sujets:
Tags: Ajouter un tag
Pas de tags, Soyez le premier à ajouter un tag!
Thư viện lưu trữ: Mạng thư viện Đại học Đà Nẵng
LEADER 01443cam a2200421 i 4500
001 000049238
003 8974
005 20030312093847.0
008 010326|1994 vm 000 eng
020 |a 0908916655 
040 |a IRC  |c IRC  |d IRC 
041 0 |a eng 
082 1 4 |a 372.21  |b WY-C 
100 1 |a Wylie, Cathy,  |d 1951- 
245 0 0 |a What research on early childhood education/care outcomes can, and can't tell policymakers /  |c Cathy Wylie. 
260 |a Wellington, N.Z. :  |b New Zealand Council for Educational Research,  |c 1994. 
300 |a iii, 36 p. :  |b ill. ;  |c 30cm. 
520 3 |a Introduction. Research on early childhood education/care-some necessary background. Outcomes of early childhood education/care. Funding and regulation factors bearing on the provision of early educare... 
630 0 4 |a Education. 
630 0 4 |a Preschool Education. 
630 0 4 |a Early childhood education. 
650 0 4 |a Child development. 
650 0 4 |a Early childhood education. 
650 0 4 |a Early childhood education  |z New Zealand. 
650 0 4 |a Education, Preschool. 
650 0 4 |a Day care centers. 
650 0 4 |a Education, Preschool  |z New Zealand. 
650 0 4 |a Day care centers  |z New Zealand. 
OWN |a DUT 
999 |a From the UDN01 
TYP |a Monograph 
TYP |a Printed language 
980 |a Mạng thư viện Đại học Đà Nẵng